| 000 | 01030nam a22002177a 4500 | ||
|---|---|---|---|
| 005 | 20210325191119.0 | ||
| 008 | s2539 th tha d | ||
| 041 | _atha | ||
| 090 | _aว P94.5.W65 ก425ก 2539 | ||
| 100 | 0 | _aกาญจนา แก้วเทพล, ผู้แปล | |
| 245 | 1 | 0 | _aการสำรวจสถานภาพแห่งองค์ความรู้เรื่อง สตรีกับสื่อมวลชนในประเทศไทย พ.ศ.2520-2535 |
| 260 | 3 |
_a[กรุงเทพฯ] : _bจุฬาลงกรณ์มหาวิทยาลัย, _c2539 |
|
| 300 |
_a263 หน้า : _b ตาราง, ภาพประกอบ ; _c 29 ซม. |
||
| 650 | 0 | 4 | _aสื่อมวลชน |
| 650 | 0 | 4 | _aสื่อมวลชนกับสตรี -- วิจัย |
| 700 | 0 | _aกาญจนา แก้วเทพ | |
| 850 | _aNALT | ||
| 942 | _cRSH | ||
| 997 |
_c000000000027463 _kVC |
||
| 998 | _aNISA LAUNGTONGKUM | ||
| 999 |
_c27463 _d27463 |
||